000 00525nam a22001817a 4500
005 20231113092808.0
008 231113b |||||||| |||| 00| 0 eng d
020 _a0702112151
041 _aAfrikaans
082 _a345.7 DUT
100 _aDu Toit, E
_lAfrikaans
245 _aStraf in Suid-Afrika /
_cE Du Toit
250 _aEerste Uitgawe
260 _aKaapstad :
_bJuta en Kie, Bpk,
_c1981
300 _bxxxviii, 600 pages ;
_c26 cm.
650 _aLegal practice
_bLaw
942 _cBK
_6ALISON_BN_VRIES
999 _c550
_d550